<?xml version="1.0" encoding="UTF-8"?>
<collection xmlns="http://www.loc.gov/MARC21/slim">
 <record>
  <leader>01843nam a2200361 i 4500</leader>
  <controlfield tag="001">43920</controlfield>
  <controlfield tag="003">BD-DhAAL</controlfield>
  <controlfield tag="005">20250106165755.0</controlfield>
  <controlfield tag="008">240106t2018    maua     b    001 0 eng  </controlfield>
  <datafield tag="010" ind1=" " ind2=" ">
   <subfield code="a">  2018022812</subfield>
  </datafield>
  <datafield tag="020" ind1=" " ind2=" ">
   <subfield code="a">9780262039406 (hardcover : alk. paper)</subfield>
  </datafield>
  <datafield tag="040" ind1=" " ind2=" ">
   <subfield code="a">DLC</subfield>
   <subfield code="b">eng</subfield>
   <subfield code="c">DLC</subfield>
   <subfield code="e">rda</subfield>
   <subfield code="d">DLC</subfield>
   <subfield code="d">BD-DhAAL</subfield>
  </datafield>
  <datafield tag="042" ind1=" " ind2=" ">
   <subfield code="a">pcc</subfield>
  </datafield>
  <datafield tag="050" ind1="0" ind2="0">
   <subfield code="a">Q325.5</subfield>
   <subfield code="b">.M64 2018</subfield>
  </datafield>
  <datafield tag="082" ind1="0" ind2="0">
   <subfield code="a">006.31</subfield>
   <subfield code="2">23</subfield>
  </datafield>
  <datafield tag="100" ind1="1" ind2=" ">
   <subfield code="a">Mohri, Mehryar,</subfield>
   <subfield code="e">author.</subfield>
   <subfield code="9">57411</subfield>
  </datafield>
  <datafield tag="245" ind1="1" ind2="0">
   <subfield code="a">Foundations of machine learning /</subfield>
   <subfield code="c">Mehryar Mohri, Afshin Rostamizadeh and Ameet Talwalkar.</subfield>
  </datafield>
  <datafield tag="250" ind1=" " ind2=" ">
   <subfield code="a">Second edition.</subfield>
  </datafield>
  <datafield tag="264" ind1=" " ind2="1">
   <subfield code="a">Cambridge, Massachusetts :</subfield>
   <subfield code="b">The MIT Press,</subfield>
   <subfield code="c">2018.</subfield>
  </datafield>
  <datafield tag="300" ind1=" " ind2=" ">
   <subfield code="a">xv, 486 pages :</subfield>
   <subfield code="b">illustrations (some color) ;</subfield>
   <subfield code="c">24 cm.</subfield>
  </datafield>
  <datafield tag="490" ind1="0" ind2=" ">
   <subfield code="a">Adaptive computation and machine learning</subfield>
  </datafield>
  <datafield tag="504" ind1=" " ind2=" ">
   <subfield code="a">Includes bibliographical references (pages 461-474) and index.</subfield>
  </datafield>
  <datafield tag="526" ind1=" " ind2=" ">
   <subfield code="x">Sowmitra Das,
Lecturer
Department of CSE
course name and no: Machine Learning (CSE 427)</subfield>
  </datafield>
  <datafield tag="541" ind1=" " ind2=" ">
   <subfield code="a">Book finder International</subfield>
   <subfield code="e">43919</subfield>
  </datafield>
  <datafield tag="650" ind1=" " ind2="0">
   <subfield code="a">Machine learning.</subfield>
  </datafield>
  <datafield tag="650" ind1=" " ind2="0">
   <subfield code="a">Computer algorithms.</subfield>
  </datafield>
  <datafield tag="650" ind1=" " ind2="0">
   <subfield code="a">Computer science.</subfield>
  </datafield>
  <datafield tag="700" ind1="1" ind2=" ">
   <subfield code="a">Rostamizadeh, Afshin,</subfield>
   <subfield code="e">author.</subfield>
   <subfield code="9">57412</subfield>
  </datafield>
  <datafield tag="700" ind1="1" ind2=" ">
   <subfield code="a">Talwalkar, Ameet,</subfield>
   <subfield code="e">author.</subfield>
   <subfield code="9">57413</subfield>
  </datafield>
  <datafield tag="942" ind1=" " ind2=" ">
   <subfield code="2">ddc</subfield>
   <subfield code="c">BK</subfield>
  </datafield>
  <datafield tag="999" ind1=" " ind2=" ">
   <subfield code="c">47005</subfield>
   <subfield code="d">47005</subfield>
  </datafield>
  <datafield tag="952" ind1=" " ind2=" ">
   <subfield code="0">0</subfield>
   <subfield code="1">0</subfield>
   <subfield code="2">ddc</subfield>
   <subfield code="4">0</subfield>
   <subfield code="6">006_310000000000000_MOH</subfield>
   <subfield code="7">0</subfield>
   <subfield code="9">77102</subfield>
   <subfield code="a">BRACUL</subfield>
   <subfield code="b">BRACUL</subfield>
   <subfield code="c">GEN</subfield>
   <subfield code="d">2024-12-23</subfield>
   <subfield code="e">Book Finder International </subfield>
   <subfield code="g">8113.00</subfield>
   <subfield code="l">5</subfield>
   <subfield code="m">39</subfield>
   <subfield code="o">006.31 MOH</subfield>
   <subfield code="p">3010043919</subfield>
   <subfield code="r">2026-04-21</subfield>
   <subfield code="s">2025-07-21</subfield>
   <subfield code="t">1</subfield>
   <subfield code="v">8113.00</subfield>
   <subfield code="w">2024-12-23</subfield>
   <subfield code="y">BK</subfield>
   <subfield code="x">Requisitioned by Sowmitra Das, for the course named Machine Learning (CSE 427)</subfield>
  </datafield>
  <datafield tag="952" ind1=" " ind2=" ">
   <subfield code="0">0</subfield>
   <subfield code="1">0</subfield>
   <subfield code="2">ddc</subfield>
   <subfield code="4">0</subfield>
   <subfield code="6">006_310000000000000_MOH</subfield>
   <subfield code="7">0</subfield>
   <subfield code="9">77103</subfield>
   <subfield code="a">BRACUL</subfield>
   <subfield code="b">BRACUL</subfield>
   <subfield code="c">GEN</subfield>
   <subfield code="d">2024-12-23</subfield>
   <subfield code="e">Book Finder International </subfield>
   <subfield code="g">8113.00</subfield>
   <subfield code="l">5</subfield>
   <subfield code="m">49</subfield>
   <subfield code="o">006.31 MOH</subfield>
   <subfield code="p">3010043920</subfield>
   <subfield code="q">2026-03-12</subfield>
   <subfield code="r">2026-03-05</subfield>
   <subfield code="s">2026-03-05</subfield>
   <subfield code="t">2</subfield>
   <subfield code="v">8113.00</subfield>
   <subfield code="w">2024-12-23</subfield>
   <subfield code="y">BK</subfield>
   <subfield code="x">Requisitioned by Sowmitra Das, for the course named Machine Learning (CSE 427)</subfield>
  </datafield>
 </record>
</collection>
